120 personnages de la sage Harry Potter - Statistiques

Statistiques générales
  • Ce quiz a été pris 252 fois
  • Le résultat moyen est 70 sur 120
Statistiques - réponses
# Personnage % Correct
1 Harry Potter
100%
3 Hermione Granger
99%
2 Ron Weasley
99%
6 Severus Rogue
94%
4 Albus Dumbledore
93%
30 Minerva McGonagall
91%
5 Voldemort
91%
13 Fred Weasley
89%
11 Ginny Weasley
89%
8 Rubeus Hagrid
89%
20 James Potter
88%
19 Lily Evans
88%
14 George Weasley
87%
16 Remus Lupin
87%
7 Drago Malefoy
86%
27 Lucius Malefoy
86%
9 Luna Lovegood
86%
111 Katie Bell
85%
10 Neville Londubat
85%
15 Sirius Black
85%
17 Peter Pettigrow
83%
18 Bellatrix Lestrange
82%
23 Bill Weasley
82%
53 Fleur Delacour
82%
24 Molly Weasley
82%
51 Cedric Diggory
81%
28 Dobby
81%
21 Percy Weasley
81%
36 Alastor Maugrey
79%
25 Arthur Weasley
79%
12 Cho Chang
79%
26 Narcissa Malefoy
79%
56 Viktor Krum
79%
29 Dolores Ombrage
78%
65 Dudley Dursley
78%
22 Charlie Weasley
77%
32 Filius Flitwick
77%
64 Petunia Dursley
74%
42 Hedwige
72%
63 Vernon Dursley
72%
78 Gregory Goyle
71%
70 Dean Thomas
70%
35 Gilderoy Lockhart
70%
104 Nymphadora Tonks
70%
69 Seamus Finnigan
69%
77 Vincent Crabbe
69%
99 Cornelius Fudge
68%
31 Pomona Chourave
68%
55 Igor Karkaroff
65%
76 Padma Patil
64%
75 Parvati Patil
64%
92 Argus Rusard
63%
84 Olivier Dubois
62%
33 Horace Slughorn
61%
117 Kreattur
61%
71 Lavande Brown
61%
105 Godric Gryffondor
60%
68 Poppy Pomfresh
60%
108 Salazar Serpentard
60%
40 Buck
59%
106 Helga Poufsouffle
58%
45 Nick quasi-sans tête
58%
54 Olympe Maxime
58%
43 Pattenrond
58%
37 Sybille Trelawney
58%
107 Rowena Serdaigle
57%
34 Quirinus Quirrell
56%
72 Angelina Johnson
55%
79 Pansy Parkinson
55%
38 Renée Bibine
55%
52 Amos Diggory
54%
50 Mimi Geignarde
54%
61 Garrick Ollinvander
53%
100 Kingsley Shacklebolt
53%
41 Nagini
52%
110 Xenophilius Lovegood
52%
83 Colin Crivey
49%
88 Abelforth Dumbledore
48%
89 Fenrir Greyback
48%
48 Peeves
48%
112 Gabrielle Delacour
47%
98 Rufus Scrimgeour
46%
73 Lee Jordan
45%
95 Firenze
44%
91 Gellert Grindelwald
43%
80 Blaise Zabini
42%
114 Crockdur
40%
59 Rita Skeeter
40%
103 Alecto Carrow
38%
87 Ariana Dumbledore
38%
101 Mondingus Fletcher
38%
102 Amycus Carrow
37%
90 Antonin Dolohov
37%
97 Aragog
36%
67 Regulus Black
36%
94 Stan Rocade
36%
118 Touffu
36%
74 Cormac McLaggen
35%
93 Ernie Danlmur
34%
115 Errol
34%
96 Graup
34%
39 Cuthbert Binns
32%
62 Gripsec
31%
109 Arabella Figg
30%
116 Fumseck
30%
66 Marjorie Dursley
30%
44 Trevor
29%
58 Barty Croupton Jr
28%
113 Coquecigrue
28%
57 Barty Croupton Sr
26%
86 La Grosse Dame
25%
82 Justin Finch-Fletchey
24%
46 Le Baron Sanglant
23%
60 Madame Rosmerta
21%
85 Romilda Vane
20%
47 La Dame Grise
18%
49 Le Moine Gras
17%
120 Scorpius Malefoy
13%
81 Milicent Bulstrode
12%
119 Albus Potter
3%
Aucun quiz correspondant
Distribution des résultats
% des personnes avec chaque résultat
Percentile par nombre de réponses
Votre historique - résultats
Vous n’avez pas pris ce quiz